000 00721nam a2200253Ia 4500
003 GCL
008 140319s9999 xx 000 0 ara d
040 _aGCL /
_cGCL
082 0 4 _a370.1
_bم ا
100 1 _aمحمد منير مرسى
245 1 0 _aاصول التربية /
_cمحمد منير مرسى
260 _a[S.N] :
_bعالم الكتب الحديث ،
_c1993
300 _a371
490 _a
650 0 4 _aالتعليم
650 0 4 _aالتربية
650 0 4 _aفلسفة
650 0 4 _aتعليم الكبار
650 0 4 _aالتعليم الثانوى
650 0 4 _aالمدارس
650 0 4 _aالتربية الاسلامية
650 0 4 _aتعليم المراة
942 _2ddc
_cBK
999 _c31513
_d31513